[Event "Stjernen CC-ch"]
[Site "Oslo"]
[Date "2010.03.23"]
[Round "6"]
[White "Kostadinov, Kaloyan"]
[Black "Kverndal, Leif"]
[Result "1-0"]
[WhiteElo "2085"]
[BlackElo "1893"]
[PlyCount "77"]
[EventDate "2010.02.02"]
[EventType "swiss"]
[EventRounds "9"]
[EventCountry "NOR"]
[SourceTitle "EXT 2024"]
[Source "ChessBase"]
[SourceDate "2023.10.10"]
[SourceVersion "1"]
[SourceVersionDate "2023.10.10"]
[SourceQuality "1"]

1. d4 Nf6 2. c4 e5 3. dxe5 Ng4 4. Qd4 h5 5. e6 dxe6 6. Qxd8+ Kxd8 7. a3 Bc5 8. e3 Ke7 9. h3 Nf6 10. b4 Bd6 11. Bb2 c5 12. b5 b6 13. Nf3 Bb7 14. Nbd2 Nbd7 15. Bd3 h4 16. 0-0 Rh5 17. Be2 g5 18. Nh2 Rh6 19. Bf3 Bxf3 20. Ndxf3 Rg8 21. Ng4 Nxg4 22. hxg4 f5 23. gxf5 exf5 24. Rfd1 g4 25. Nd2 g3 26. f4 h3 27. gxh3 Rxh3 28. Nf3 g2 29. Kf2 Rg4 30. Rg1 Bxf4 31. exf4 Rxf4 32. Rae1+ Kf8 33. Re3 Rxc4 34. Kxg2 Rh5 35. Rge1 Rc2+ 36. R3e2 Rxe2+ 37. Rxe2 c4 38. Nd4 Kf7 39. Re7+ 1-0

[Event "Stjernen CC-ch"]
[Site "Oslo"]
[Date "2010.03.02"]
[Round "3"]
[White "Hartvig, Kim"]
[Black "Kverndal, Leif"]
[Result "0-1"]
[WhiteElo "1352"]
[BlackElo "1876"]
[PlyCount "82"]
[EventDate "2010.02.02"]
[EventType "swiss"]
[EventRounds "9"]
[EventCountry "NOR"]
[SourceTitle "EXT 2024"]
[Source "ChessBase"]
[SourceDate "2023.10.10"]
[SourceVersion "1"]
[SourceVersionDate "2023.10.10"]
[SourceQuality "1"]

1. e4 c5 2. Nf3 e6 3. c4 Nc6 4. Nc3 g6 5. d4 cxd4 6. Nxd4 Bg7 7. Ndb5 a6 8. Nd6+ Kf8 9. Nxc8 Rxc8 10. Qd6+ Ke8 11. Bd2 Nd4 12. Qb4 Ne7 13. f4 Ndc6 14. Qd6 Nd4 15. Bd3 Nec6 16. Qa3 Qh4+ 17. Kf1 Bf8 18. Qa4 Nb4 19. Be2 Nxe2 20. Nxe2 Nd3 21. Be1 Nxe1 22. Rxe1 Bc5 23. Ng3 Qxf4+ 24. Ke2 Qe3+ 25. Kd1 Qd3+ 26. Kc1 Be3+ 27. Rxe3 Qxe3+ 28. Kb1 Qd3+ 29. Qc2 Qxc2+ 30. Kxc2 Rxc4+ 31. Kb3 Rc6 32. e5 Ke7 33. Ne4 Rhc8 34. Nd6 Rb6+ 35. Ka3 Rc5 36. b3 f6 37. Nc4 Rbc6 38. exf6+ Kxf6 39. Rf1+ Rf5 40. Rd1 d5 41. Na5 Rc7 0-1

[Event "Stjernen CC-ch"]
[Site "Oslo"]
[Date "2010.02.25"]
[Round "2"]
[White "Kverndal, Leif"]
[Black "Andersen, Guttorm"]
[Result "1/2-1/2"]
[WhiteElo "1876"]
[BlackElo "1580"]
[PlyCount "82"]
[EventDate "2010.02.02"]
[EventType "swiss"]
[EventRounds "9"]
[EventCountry "NOR"]
[SourceTitle "EXT 2024"]
[Source "ChessBase"]
[SourceDate "2023.10.10"]
[SourceVersion "1"]
[SourceVersionDate "2023.10.10"]
[SourceQuality "1"]

1. Nf3 f5 2. c4 Nf6 3. Nc3 g6 4. g3 Bg7 5. Bg2 0-0 6. d4 d6 7. 0-0 Qe8 8. Bg5 c6 9. d5 h6 10. Bxf6 Bxf6 11. Nd4 e5 12. dxc6 bxc6 13. Ndb5 Qe7 14. Qxd6 Qxd6 15. Nxd6 Be6 16. Ncb5 Be7 17. Rfd1 Bd8 18. Nc3 a5 19. Na4 Ra7 20. Nc5 Re7 21. Nxe6 Rxe6 22. Nb7 Bc7 23. Nc5 Re7 24. Rd2 e4 25. e3 Re5 26. Nd7 Nxd7 27. Rxd7 Rf7 28. Rad1 Ree7 29. Rxe7 Rxe7 30. a3 Kf7 31. b4 Ke6 32. Bf1 Rd7 33. Rxd7 Kxd7 34. c5 axb4 35. axb4 Be5 36. Bc4 Bc3 37. b5 Bb4 38. bxc6+ Kxc6 39. Bf7 g5 40. Bg6 Kxc5 41. Bxf5 Kd5 1/2-1/2

[Event "EU-chT Seniors 12th"]
[Site "Dresden"]
[Date "2010.02.14"]
[Round "5"]
[White "Mueller, Lutz"]
[Black "Kverndal, Leif"]
[Result "1-0"]
[WhiteElo "2082"]
[BlackElo "1974"]
[PlyCount "57"]
[EventDate "2010.02.10"]
[EventType "team-swiss"]
[EventRounds "9"]
[EventCountry "GER"]
[SourceTitle "CBM 134 Extra"]
[Source "ChessBase"]
[SourceDate "2010.03.03"]
[SourceVersion "1"]
[SourceVersionDate "2010.03.03"]
[SourceQuality "1"]
[WhiteTeam "Rheno Palatinat (Seniors)"]
[BlackTeam "Norway (Seniors) II"]
[WhiteTeamCountry "GER"]
[BlackTeamCountry "NOR"]

1. d4 Nf6 2. Nf3 g6 3. c4 Bg7 4. Nc3 d5 5. cxd5 Nxd5 6. e4 Nxc3 7. bxc3 0-0 8. Be3 c5 9. Qd2 Qa5 10. Rd1 Nc6 11. Bc4 Bg4 12. 0-0 Rab8 13. Qb2 cxd4 14. cxd4 Bxf3 15. gxf3 Qh5 16. Be2 b6 17. f4 Qh3 18. e5 e6 19. Kh1 Qh4 20. Rg1 Qe7 21. Bf3 Na5 22. Qb5 Rbc8 23. Rc1 Qa3 24. Rxc8 Rxc8 25. Qd7 Rc2 26. Be4 Rxa2 27. f5 exf5 28. Bd5 Qf8 29. Bxa2 1-0

[Event "EU-chT Seniors 12th"]
[Site "Dresden"]
[Date "2010.02.13"]
[Round "4"]
[White "Kverndal, Leif"]
[Black "Bue, Gunnar"]
[Result "1/2-1/2"]
[WhiteElo "1974"]
[BlackElo "1879"]
[PlyCount "91"]
[EventDate "2010.02.10"]
[EventType "team-swiss"]
[EventRounds "9"]
[EventCountry "GER"]
[SourceTitle "CBM 134 Extra"]
[Source "ChessBase"]
[SourceDate "2010.03.03"]
[SourceVersion "1"]
[SourceVersionDate "2010.03.03"]
[SourceQuality "1"]
[WhiteTeam "Norway (Seniors) II"]
[BlackTeam "Norway (Seniors) III"]
[WhiteTeamCountry "NOR"]
[BlackTeamCountry "NOR"]

1. d4 Nf6 2. Nf3 g6 3. g3 Bg7 4. Bg2 0-0 5. 0-0 d6 6. c4 c6 7. Nc3 Nbd7 8. e4 e5 9. Re1 exd4 10. Nxd4 Ne5 11. b3 a6 12. h3 Qe7 13. f4 Ned7 14. Ba3 c5 15. Nde2 Rb8 16. Rc1 b5 17. Bb2 bxc4 18. Nd5 Nxd5 19. Bxg7 Kxg7 20. Qxd5 cxb3 21. axb3 Nf6 22. Qd3 Re8 23. e5 dxe5 24. fxe5 Qxe5 25. Nf4 Qd4+ 26. Qxd4 cxd4 27. Rxe8 Nxe8 28. Bd5 Nf6 29. Bc4 g5 30. Ne2 Bxh3 31. Nxd4 Bc8 32. Nc6 Rb6 33. Nd8 Be6 34. Nxe6+ fxe6 35. Ra1 Ne4 36. Rxa6 Rxa6 37. Bxa6 Nxg3 38. Bd3 Nh5 39. b4 Nf6 40. b5 Nd5 41. Bc4 Nb6 42. Bxe6 Kf6 43. Bb3 Ke5 44. Bf7 Kd6 45. Kg2 Ke7 46. Bb3 1/2-1/2